000 00578nam a22002177a 4500
003 UA-OsUOA
001 7075
007 ta
008 20040204b un ||||| |||| 00| 0 ukr d
090 _a336.22
942 _cBK
040 _aUA-OsUOA
_bukr
_cUA-OsUOA
_dUA-OsUOA
245 _aВісник податкової служби України
_bЖурнал державної податкової адміністрації України
955 _a0
041 _aukr
080 _a336.22
260 _aК.
_c1995
044 _aUA
650 7 _2UDC
999 _c293236
_d293236